000 00454nam a22001817a 4500
003 OSt
005 20140310184503.0
008 131012t xxu||||| |||| 00| 0 eng d
020 _a0439403790
050 _aQL 737
_b.L665 2002
245 _aBats, bats, bats! /
_cAmy Levin.
260 _aUSA :
_bScholastic Inc.
_cc2002.
300 _a13 p. :
_bcol. ill. ;
_c24 cm.
521 _aG1
526 _c160
650 _aBats
_923572
942 _2lcc
_cBK-SCHOLAS
999 _c34751
_d34751